000 00251nam a2200109Ia 4500
008 190216s9999||||xx |||||||||||||| ||und||
100 _aUmmer Moulavi
245 0 _aTharjumanul Quran
260 _bMac Millian And Com. Ltd
650 _aArabic
942 _cBK
999 _c127
_d127